| 000 | 01364nam a2200325 4500 | ||
|---|---|---|---|
| 001 | 0000023922 | ||
| 003 | CO-CtgCURN | ||
| 005 | 20250331185235.0 | ||
| 007 | ta | ||
| 008 | 160627s2004 000 0 eng d | ||
| 020 | _a8448605829 | ||
| 040 |
_aCO-CtgCURN _bspa _ccoctgcurn |
||
| 082 | 0 |
_a618.92 _bR917p |
|
| 245 | 0 | 0 |
_aPediatria de Rudolph / _cColin Rudolph ... [ et al.], traducción de José Luis Agud Aparicio ... [et al.]. |
| 250 | _a21a ed. | ||
| 260 |
_aMadrid : _bMcGraw-Hill Interamericana, _c2004. |
||
| 300 | _aVol. 2 : xl; 1494 p. | ||
| 336 | _2rdacontent | ||
| 337 |
_2rdamedia _asin mediacion _bn |
||
| 338 |
_2rdacarrier _avolumen _bnc |
||
| 500 | _aLa biblioteca no posee el vol. 1 \ Incluye apendices \ Contiene indice. | ||
| 505 | 8 | _aGastroenterología y nutricion -- El higado y los conductos bibliares -- Sangre y tejidos hematopoyeticos -- Oncología -- Riñon y vias urinarias -- Aparato circulatorio -- Aparato respiratorio -- El sistema endocrino -- El sistema nervioso -- Los ojos -- Traumatología y ortopedia | |
| 534 | _aTitulo original: Rudolphs pediatrics. | ||
| 546 | _aEl idioma de la version original es ingles. | ||
| 650 | 1 | 4 | _aPediatria. |
| 700 | 1 | _aRudolph, Colin D. | |
| 908 | _a160627 | ||
| 942 |
_cBK _h618.92 _iR917p _2ddc |
||
| 999 |
_c23778 _d23778 |
||